[Event "N� LL 2009/10"]
[Site "?"]
[Date "2009.10.04"]
[Round "2"]
[White "Bawart, Markus"]
[Black "Trkulja, Zoran"]
[Result "1-0"]
[WhiteElo "2357"]
[BlackElo "2184"]
[Annotator "Bisamberg/Korneuburg : Baden"]
[PlyCount "71"]
[EventDate "2009.09.21"]
[SourceDate "2009.10.08"]

1. Nf3 Nf6 2. c4 e6 3. g3 b6 4. Bg2 Bb7 5. O-O Be7 6. Nc3 O-O 7. d4 Ne4 8. Qc2
Nxc3 9. Qxc3 d6 10. Qd3 g6 11. Bh6 Re8 12. e4 Nd7 13. Rae1 Bf6 14. e5 dxe5 15.
dxe5 Bg7 16. Bxg7 Kxg7 17. Rd1 Nc5 18. Qe3 Qe7 19. Nd4 a5 20. Bxb7 Nxb7 21. Qf3
c5 22. Nb5 Rac8 23. Nd6 Nxd6 24. Rxd6 Red8 25. Rxb6 Rd7 26. Rd1 Rcd8 27. Rxd7
Rxd7 28. Rb5 a4 29. Kg2 h5 30. h4 Ra7 31. Qc6 a3 32. b3 Rd7 33. Qxc5 Qd8 34.
Qxa3 Rd1 35. b4 Rd3 36. Qa7 1-0

[Event "N� LL 2009/10"]
[Site "?"]
[Date "2009.10.04"]
[Round "2"]
[White "Wetscherek, Gerhard"]
[Black "Fritsch, Klaus"]
[Result "1-0"]
[WhiteElo "2136"]
[BlackElo "2170"]
[Annotator "Bisamberg/Korneuburg : Baden"]
[PlyCount "75"]
[EventDate "2009.09.21"]
[SourceDate "2009.10.08"]

1. e4 e6 2. d4 d5 3. e5 c5 4. c3 Nc6 5. Nf3 Bd7 6. a3 f6 7. exf6 gxf6 8. Ne5
Nxe5 9. dxe5 Qe7 10. Bf4 O-O-O 11. Qh5 Bg7 12. Bd3 fxe5 13. Bxe5 Bxe5 14. Qxe5
Nf6 15. Nd2 Ng4 16. Qh5 e5 17. Bf5 Nf6 18. Qh3 e4 19. O-O-O Qe5 20. Bxd7+ Rxd7
21. Rhe1 Rg8 22. Re2 Kb8 23. Nxe4 dxe4 24. Rxd7 Nxd7 25. Qxd7 Qg5+ 26. Rd2 b6
27. g3 e3 28. fxe3 Qxe3 29. Qd6+ Kc8 30. Qd5 Re8 31. Qa8+ Kc7 32. Qxa7+ Kc8 33.
Qd7+ Kb8 34. Qd6+ Kb7 35. Qd7+ Kb8 36. Kc2 Qe4+ 37. Qd3 Qa4+ 38. b3 1-0

[Event "N� LL 2009/10"]
[Site "?"]
[Date "2009.10.04"]
[Round "2"]
[White "Herndlbauer, Martin"]
[Black "Kadletz, Karl"]
[Result "1/2-1/2"]
[WhiteElo "2101"]
[BlackElo "2007"]
[Annotator "Bisamberg/Korneuburg : Baden"]
[PlyCount "56"]
[EventDate "2009.09.21"]
[SourceDate "2009.10.08"]

1. e4 d6 2. d4 Nf6 3. Nc3 g6 4. Be2 Bg7 5. Be3 O-O 6. g4 c6 7. g5 Nfd7 8. h4 e5
9. dxe5 Bxe5 10. f4 Bxc3+ 11. bxc3 Qa5 12. h5 Qxc3+ 13. Kf2 Nc5 14. Bd3 Re8 15.
Ne2 Qb4 16. hxg6 fxg6 17. Ng3 Re7 18. Rb1 Qc3 19. Ne2 Qa3 20. Bd4 Bg4 21. Bb2
Qxa2 22. Qd2 Qf7 23. Ng3 Nbd7 24. Rh4 Be6 25. Rbh1 Nf8 26. Qc3 Qg7 27. Qa3 Qf7
28. Qc3 Qg7 1/2-1/2

[Event "N� LL 2009/10"]
[Site "?"]
[Date "2009.10.04"]
[Round "2"]
[White "Stanivukovic, Drago"]
[Black "Perndl, Johann"]
[Result "1-0"]
[WhiteElo "1968"]
[BlackElo "2036"]
[Annotator "Bisamberg/Korneuburg : Baden"]
[PlyCount "67"]
[EventDate "2009.09.21"]
[SourceDate "2009.10.08"]

1. e4 g6 2. d4 Bg7 3. c3 d5 4. e5 c5 5. f4 cxd4 6. cxd4 Nc6 7. Nc3 h5 8. h3 Nh6
9. Nf3 Nf5 10. Bb5 h4 11. O-O a6 12. Bxc6+ bxc6 13. Na4 e6 14. b3 Bf8 15. Qc2
Bd7 16. Bd2 Rb8 17. Nc5 Rb5 18. Nxd7 Kxd7 19. Rfc1 Qb6 20. Kh2 Ba3 21. Rd1 Nxd4
22. Nxd4 Qxd4 23. Bc1 Qb4 24. Bxa3 Qxa3 25. Rac1 c5 26. Rd4 Rc8 27. Ra4 Qxa4
28. bxa4 Rb4 29. Qf2 d4 30. Qxh4 d3 31. Qf6 Ke8 32. Qh8+ Kd7 33. Qg7 Ke8 34.
Qg8+ 1-0

[Event "N� LL 2009/10"]
[Site "?"]
[Date "2009.10.04"]
[Round "2"]
[White "Schmid, Thomas"]
[Black "Ganauser, Eduard"]
[Result "0-1"]
[WhiteElo "2196"]
[BlackElo "2021"]
[Annotator "Stockerau : Wr.Neustadt"]
[PlyCount "94"]
[EventDate "2009.10.04"]
[SourceDate "2009.10.04"]

1. e4 c5 2. Nf3 Nc6 3. Bb5 e6 4. O-O Nge7 5. c3 a6 6. Ba4 b5 7. Bc2 g6 8. d4
cxd4 9. cxd4 d5 10. e5 h6 11. Be3 Bd7 12. Nbd2 Na5 13. b3 Nf5 14. a4 Rc8 15.
Bd3 Bb4 16. Nb1 Qb6 17. axb5 Bxb5 18. Bxb5+ Qxb5 19. Bd2 Bxd2 20. Nbxd2 O-O 21.
g4 Ne7 22. Ra3 Nac6 23. Kg2 g5 24. h4 gxh4 25. Rh1 Ng6 26. Nxh4 Nf4+ 27. Kf3
Nxd4+ 28. Kxf4 Qd3 29. g5 h5 30. Re1 Qh3 31. Rh1 Qd3 32. Re1 Rc2 33. Re3 Qxd2
34. Qxd2 Rxd2 35. Rxa6 Rxf2+ 36. Kg3 Rb2 37. Rb6 Rc8 38. Rd3 Ne2+ 39. Kf3 Nc3
40. g6 Ne4 41. gxf7+ Kxf7 42. Rb7+ Ke8 43. b4 Rh2 44. Ng6 Rh3+ 45. Ke2 Rc2+ 46.
Kd1 Rhh2 47. Rb8+ Kd7 0-1

[Event "N� LL 2009/10"]
[Site "?"]
[Date "2009.10.04"]
[Round "2"]
[White "Wiedner, Robert"]
[Black "Gr�tz, Harald"]
[Result "0-1"]
[WhiteElo "2177"]
[BlackElo "2337"]
[Annotator "Stockerau : Wr.Neustadt"]
[PlyCount "98"]
[EventDate "2009.??.??"]
[SourceDate "2009.10.04"]

1. d4 Nf6 2. c4 g6 3. f3 Bg7 4. e4 d6 5. Be3 O-O 6. Ne2 Nc6 7. Nd2 a6 8. a3 Re8
9. b4 e5 10. d5 Nd4 11. Nb3 c5 12. dxc6 bxc6 13. Nexd4 exd4 14. Bxd4 Nxe4 15.
fxe4 Rxe4+ 16. Be2 Bg4 17. Ra2 Bxd4 18. Nxd4 Qf6 19. Nf3 Bxf3 20. O-O Bxe2 21.
Rxe2 Qe6 22. Rxe4 Qxe4 23. Qxd6 Qxc4 24. Qf6 Re8 25. h3 Qd5 26. Rf3 Re2 27. Kh2
Rd2 28. Qf4 Rc2 29. Qg3 h5 30. Re3 Kh7 31. Rf3 Kg7 32. Qf4 h4 33. Kg1 Rc4 34.
Qf6+ Kg8 35. Rf2 Re4 36. Rf3 c5 37. bxc5 Qxc5+ 38. Kh1 Re1+ 39. Rf1 Rxf1+ 40.
Qxf1 Qxa3 41. Qf6 Qc1+ 42. Kh2 Qc4 43. Kh1 Kh7 44. Qd8 Kg7 45. Kg1 Qb4 46. Qd5
a5 47. Qe5+ Kh7 48. Qd5 Kg8 49. Qe5 a4 0-1

[Event "N� LL 2009/10"]
[Site "?"]
[Date "2009.10.04"]
[Round "2"]
[White "Chytilek, Roman"]
[Black "Steiner, Adam"]
[Result "1/2-1/2"]
[WhiteElo "2418"]
[BlackElo "2154"]
[Annotator "Stockerau : Wr.Neustadt"]
[PlyCount "111"]
[EventDate "2009.??.??"]
[SourceDate "2009.10.04"]

1. d4 Nf6 2. c4 e5 3. dxe5 Ng4 4. Bf4 Nc6 5. Nf3 Bb4+ 6. Nbd2 f6 7. e6 dxe6 8.
h3 e5 9. hxg4 exf4 10. Qc2 Bxg4 11. Rxh7 Rxh7 12. Qxh7 Qd7 13. Qe4+ Ne5 14.
O-O-O O-O-O 15. Qc2 Bf5 16. Qb3 a5 17. e3 fxe3 18. Qxe3 Nxf3 19. gxf3 Qa4 20.
Qb3 Bxd2+ 21. Rxd2 Qxb3 22. Rxd8+ Kxd8 23. axb3 Ke7 24. f4 Kd6 25. Kd2 Kc5 26.
Kc3 c6 27. Bg2 b5 28. cxb5 cxb5 29. Bf3 b4+ 30. Kd2 Kd4 31. Bg2 Be6 32. Kc2 Bd7
33. Kd2 Bb5 34. Kc2 Bd3+ 35. Kd2 Be4 36. Bf1 Bd5 37. Kc2 Be4+ 38. Kd2 Bd5 39.
Kc2 Bc6 40. Kd2 Bf3 41. Bd3 Bd5 42. Bc2 Be4 43. Bd1 Bd3 44. Bf3 Bf1 45. Kc2 Bh3
46. Kd2 Be6 47. Kc2 g5 48. fxg5 fxg5 49. Bd1 Ke4 50. Kd2 Bf7 51. Kc2 Bg6 52.
Kd2 Kf4 53. Ke1 Be4 54. Kd2 Bf5 55. Ke1 Bd7 56. Kd2 1/2-1/2

[Event "N� LL 2009/10"]
[Site "?"]
[Date "2009.10.11"]
[Round "2.1"]
[White "Kleiser, Gregor"]
[Black "Penz, Harald"]
[Result "1/2-1/2"]
[WhiteElo "2248"]
[BlackElo "2330"]
[Annotator "Mauerbach : Niederabsdorf"]
[PlyCount "34"]
[EventDate "2009.10.11"]
[SourceDate "2009.10.11"]

1. d4 d5 2. c4 e6 3. Nf3 Nf6 4. g3 Be7 5. Bg2 O-O 6. O-O dxc4 7. Ne5 Nc6 8.
Nxc6 bxc6 9. Qa4 Qxd4 10. Rd1 Qb6 11. Bxc6 Bb7 12. Bxb7 Qxb7 13. Qxc4 Rad8 14.
Nc3 Rxd1+ 15. Nxd1 Rd8 16. Bf4 Nd5 17. Be5 Bd6 1/2-1/2

[Event "N� LL 2009/10"]
[Site "?"]
[Date "2009.10.11"]
[Round "2.3"]
[White "Schwarhofer, Christopher"]
[Black "Weissenbeck, Manuel"]
[Result "0-1"]
[WhiteElo "2230"]
[BlackElo "2218"]
[Annotator "Mauerbach : Niederabsdorf"]
[PlyCount "68"]
[EventDate "2009.10.11"]
[SourceDate "2009.10.11"]

1. e4 c5 2. Nf3 d6 3. d4 cxd4 4. Nxd4 Nf6 5. Nc3 a6 6. Be3 e5 7. Nb3 Be6 8. f3
b5 9. Qd2 Be7 10. g4 O-O 11. g5 Nh5 12. Nd5 Bxd5 13. exd5 f5 14. gxf6 Rxf6 15.
a4 bxa4 16. Rxa4 g6 17. Be2 Rf5 18. Rg1 Nd7 19. Na5 Bh4+ 20. Kd1 Nf4 21. Nc6
Qf6 22. Rxa6 Rxa6 23. Bxa6 Nh3 24. Rf1 Rxf3 25. Qg2 Rxf1+ 26. Bxf1 Ng5 27. Be2
h5 28. b4 e4 29. Bd4 Qf4 30. b5 Kh7 31. b6 Nf3 32. Bxf3 exf3 33. Qh3 Nxb6 34.
Bxb6 Bg5 0-1

[Event "N� LL 2009/10"]
[Site "?"]
[Date "2009.10.11"]
[Round "2.4"]
[White "Weiss, Matth�us"]
[Black "Wiedermann, Daniel"]
[Result "1/2-1/2"]
[WhiteElo "2003"]
[BlackElo "2116"]
[Annotator "Mauerbach : Niederabsdorf"]
[PlyCount "74"]
[EventDate "2009.??.??"]
[SourceDate "2008.01.01"]

1. e4 c5 2. Nf3 Nc6 3. d4 cxd4 4. Nxd4 Nf6 5. Nc3 e5 6. Ndb5 d6 7. Bg5 a6 8.
Na3 b5 9. Nd5 Be7 10. Bxf6 Bxf6 11. c3 Bg5 12. Nc2 Rb8 13. Be2 O-O 14. Nce3
Bxe3 15. Nxe3 Ne7 16. O-O Bb7 17. Qd3 d5 18. Nxd5 Nxd5 19. exd5 Qxd5 20. Qxd5
Bxd5 21. a4 bxa4 22. Rxa4 Rxb2 23. Bxa6 Ra8 24. Rd1 g6 25. Raa1 Bb3 26. Re1 Rc2
27. c4 Bxc4 28. Bxc4 Rxa1 29. Bxf7+ Kxf7 30. Rxa1 Kf6 31. h4 Kf5 32. g3 Kg4 33.
Kg2 e4 34. Ra4 Re2 35. Ra5 h6 36. Ra4 Kf5 37. Ra5+ Kg4 1/2-1/2

[Event "N� LL 2009/10"]
[Site "?"]
[Date "2009.10.04"]
[Round "2"]
[White "Sandhoefer, Florian"]
[Black "Weiss, Christian"]
[Result "0-1"]
[WhiteElo "2213"]
[BlackElo "2393"]
[Annotator "P�chlarn : Amstetten"]
[PlyCount "54"]
[EventDate "2009.10.04"]
[SourceDate "2009.10.04"]

1. e4 c5 2. Nf3 e6 3. d4 cxd4 4. Nxd4 a6 5. Bd3 Nf6 6. O-O Qc7 7. Qe2 d6 8. c4
g6 9. Nc3 Bg7 10. Be3 O-O 11. f4 b6 12. Rfc1 Bb7 13. b4 Nbd7 14. a4 Rfe8 15.
Nb3 e5 16. Nd5 Qd8 17. fxe5 Nxd5 18. cxd5 Nxe5 19. Ra2 f5 20. exf5 Bxd5 21. Ra3
Qh4 22. Qd2 Ng4 23. Bf4 Bxb3 24. Rxb3 Bd4+ 25. Kf1 Ne3+ 26. Bxe3 Bxe3 27. Rc4
Qxh2 0-1

[Event "N� LL 2009/10"]
[Site "?"]
[Date "2009.10.04"]
[Round "2.4"]
[White "Posch, Roland"]
[Black "Gugler, Edgar"]
[Result "1/2-1/2"]
[WhiteElo "2074"]
[BlackElo "2139"]
[Annotator "P�chlarn : Amstetten"]
[PlyCount "32"]
[EventDate "2009.??.??"]
[SourceDate "2009.10.04"]

1. e4 c6 2. Nf3 d5 3. Nc3 g6 4. d4 Bg7 5. exd5 cxd5 6. Ne5 Nf6 7. Bb5+ Nbd7 8.
Qf3 O-O 9. Nxd7 Bxd7 10. Bxd7 Qxd7 11. O-O Rac8 12. Qd3 a6 13. Ne2 Qb5 14. Qxb5
axb5 15. c3 b4 16. Bf4 Ne4 1/2-1/2

[Event "N� LL 2009/10"]
[Site "?"]
[Date "2009.10.04"]
[Round "2"]
[White "Knoll, Hermann"]
[Black "Rumpl, Erwin"]
[Result "1-0"]
[WhiteElo "2406"]
[BlackElo "2304"]
[Annotator "P�chlarn : Amstetten"]
[PlyCount "73"]
[EventDate "2009.??.??"]
[SourceDate "2009.10.04"]

1. d4 d5 2. Nf3 Nf6 3. c4 c6 4. Nc3 dxc4 5. a4 e6 6. e3 c5 7. Bxc4 Nc6 8. O-O
cxd4 9. exd4 Be7 10. Qe2 O-O 11. Rd1 Nb4 12. Ne5 Nbd5 13. Rd3 Bd7 14. Rh3 Bc6
15. Bd3 g6 16. Bh6 Re8 17. Re1 Bb4 18. Bd2 Qb6 19. Qf3 Be7 20. Ne4 Qxb2 21. Bg5
Kg7 22. Nxf6 Nxf6 23. Bxf6+ Bxf6 24. Rxh7+ Kxh7 25. Qxf6 Rg8 26. Qxf7+ Rg7 27.
Qxe6 Qxd4 28. Bxg6+ Kh8 29. Nf7+ Kg8 30. Ng5+ Kh8 31. Qh3+ Kg8 32. Bh7+ Kh8 33.
Bf5+ Kg8 34. Be6+ Kf8 35. Qf5+ Ke7 36. Bd5+ Kd6 37. Re6+ 1-0

[Event "N�-LL  2009/10"]
[Site "Amstetten"]
[Date "2009.10.25"]
[Round "3"]
[White "Hellmayr, Alois"]
[Black "Sandh�fner, Florian"]
[Result "0-1"]
[WhiteElo "2283"]
[BlackElo "2213"]
[Annotator "Amstetten:B�hlerwerk"]
[PlyCount "116"]
[EventDate "2009.10.25"]
[SourceDate "2009.10.24"]

1. d4 d5 2. Nf3 Nf6 3. Bf4 c5 4. e3 e6 5. c3 Nc6 6. Nbd2 Bd6 7. Bg3 O-O 8. dxc5
Bxc5 9. b4 Bd6 10. a3 Re8 11. Be2 Bxg3 12. hxg3 e5 13. b5 Na5 14. Qc2 Bg4 15.
e4 Rc8 16. Bd3 d4 17. c4 Qd6 18. Nb3 Nxb3 19. Qxb3 Bxf3 20. gxf3 Nd7 21. O-O
Nc5 22. Qb1 Rc7 23. Rc1 Rec8 24. Qc2 Nxd3 25. Qxd3 Qe6 26. f4 exf4 27. gxf4
Rxc4 28. Rxc4 Qxc4 29. Rd1 Qxd3 30. Rxd3 Rc4 31. f5 Kf8 32. f4 Ke7 33. Kf2 g6
34. Rh3 gxf5 35. e5 Rc3 36. Rxh7 Rxa3 37. b6 a5 38. Rh8 Rb3 39. Ra8 Rxb6 40.
Rxa5 Ke6 41. Ke2 Rb3 42. Rc5 Re3+ 43. Kd2 Re4 44. Rb5 Rxf4 45. Rxb7 Kxe5 46.
Rxf7 Rf2+ 47. Kd3 Rf3+ 48. Kd2 Re3 49. Re7+ Kf4 50. Rd7 Ke4 51. Re7+ Kf3 52.
Rd7 f4 53. Rxd4 Re8 54. Rd7 Kf2 55. Rd6 f3 56. Rd7 Kf1 57. Rf7 f2 58. Rd7 Rg8
0-1

[Event "N�-LL  2009/10"]
[Site "Amstetten"]
[Date "2009.10.25"]
[Round "3"]
[White "Rumpl, Erwin"]
[Black "Heimberger, Reinhard"]
[Result "0-1"]
[WhiteElo "2304"]
[BlackElo "2223"]
[Annotator "Amstetten:B�hlerwerk"]
[PlyCount "66"]
[EventDate "2009.10.25"]
[SourceDate "2009.10.24"]

1. d4 d5 2. c4 e6 3. Nc3 Nf6 4. cxd5 exd5 5. Bg5 c6 6. e3 Qb6 7. Qc2 Ne4 8. Bf4
Bf5 9. Bd3 Qa5 10. Nge2 Na6 11. O-O Nb4 12. Qb1 Nxc3 13. bxc3 Nxd3 14. Qxb7 Rc8
15. Ng3 Be6 16. Qb1 Qxc3 17. Rd1 Nb2 18. Rc1 Qb4 19. e4 Be7 20. exd5 cxd5 21.
Rxc8+ Bxc8 22. Qc2 Nc4 23. Rb1 Qa5 24. Qe2 Qd8 25. Rb8 O-O 26. Rxc8 Qxc8 27.
Qxe7 Qg4 28. Ne2 Qe6 29. Qxe6 fxe6 30. Kf1 Nb2 31. f3 Nd3 32. Bd6 Rc8 33. a4
Rc4 0-1

[Event "N�-LL 2009/10"]
[Site "?"]
[Date "2009.10.25"]
[Round "3"]
[White "Penz, Harald"]
[Black "Groetz, Harald"]
[Result "1/2-1/2"]
[WhiteElo "2330"]
[BlackElo "2337"]
[Annotator "Stockerau-Mauerbach"]
[PlyCount "35"]
[EventDate "2009.10.25"]
[SourceDate "2009.10.25"]

1. e4 c5 2. c3 Nf6 3. e5 Nd5 4. d4 cxd4 5. Nf3 e6 6. cxd4 d6 7. Bc4 Nb6 8. Bd3
dxe5 9. dxe5 Na6 10. O-O Nb4 11. Be4 Qxd1 12. Rxd1 N4d5 13. Nc3 Nxc3 14. bxc3
Na4 15. Bd2 Nc5 16. Bc2 Be7 17. Nd4 Bd7 18. Be3 1/2-1/2

[Event "N�-LL 2009/10"]
[Site "?"]
[Date "2009.10.25"]
[Round "3"]
[White "Hangweyrer, Manfred"]
[Black "Neumeier, Klaus"]
[Result "1/2-1/2"]
[WhiteElo "2352"]
[BlackElo "2327"]
[Annotator "Stockerau-Mauerbach"]
[PlyCount "26"]
[EventDate "2009.10.25"]
[SourceDate "2009.10.25"]

1. e4 c5 2. Nf3 Nc6 3. Bb5 Nf6 4. Nc3 a6 5. Bxc6 dxc6 6. h3 Qc7 7. a4 a5 8. d4
cxd4 9. Qxd4 Nd7 10. Be3 e5 11. Qc4 Nc5 12. O-O Be6 13. Qe2 h6 1/2-1/2

[Event "N�-LL 2009/10"]
[Site "?"]
[Date "2009.10.25"]
[Round "3"]
[White "Weissenbeck, Manuel"]
[Black "Schmid, Thomas"]
[Result "1-0"]
[WhiteElo "2218"]
[BlackElo "2196"]
[Annotator "Stockerau-Mauerbach"]
[PlyCount "125"]
[EventDate "2009.10.25"]
[SourceDate "2009.10.25"]

1. d4 Nf6 2. Nf3 g6 3. c4 Bg7 4. Nc3 O-O 5. e4 d6 6. Be2 e5 7. O-O Nc6 8. d5
Ne7 9. b4 a5 10. Ba3 axb4 11. Bxb4 Nd7 12. a4 Bh6 13. Ne1 f5 14. Nd3 b6 15. a5
Nc5 16. axb6 Rxa1 17. Qxa1 cxb6 18. Nxc5 dxc5 19. Ba3 Bd7 20. Bb2 Nc8 21. Bd3
Nd6 22. Qe1 f4 23. f3 Bg7 24. Qe2 g5 25. Ra1 h5 26. Ra7 g4 27. Nb5 Nxb5 28.
cxb5 gxf3 29. gxf3 Bh3 30. Kh1 Qb8 31. Ra1 Bf6 32. Qf2 Kh7 33. Bf1 Bd7 34. Bc3
Rg8 35. Bc4 Rg7 36. Rg1 Qg8 37. Rxg7+ Qxg7 38. d6 h4 39. Bf1 Qf7 40. Qd2 Qe6
41. Kg1 h3 42. Qd5 Qxd5 43. exd5 Kg6 44. Bd3+ Kg5 45. Kf2 Bg7 46. Ke2 Kf6 47.
Be1 Kf7 48. Bh4 Bf6 49. Bf2 Ke8 50. Kd2 Kd8 51. Kc2 Be8 52. Kb3 Kd7 53. Kc4
Kxd6 54. Be4 Bf7 55. Be1 Bh5 56. Bf2 Be8 57. Be1 Bf7 58. Bf2 Kd7 59. Bf5+ Ke7
60. Bxc5+ bxc5 61. Kxc5 e4 62. d6+ Kf8 63. b6 1-0

[Event "N�-LL 2009/10"]
[Site "?"]
[Date "2009.10.25"]
[Round "3"]
[White "Amberger, Dieter"]
[Black "Bechmann, Gerhard"]
[Result "1-0"]
[WhiteElo "1984"]
[BlackElo "2071"]
[Annotator "Stockerau-Mauerbach"]
[PlyCount "91"]
[EventDate "2009.10.25"]
[SourceDate "2009.10.25"]

1. d4 Nf6 2. c4 g6 3. Nc3 d5 4. cxd5 Nxd5 5. e4 Nxc3 6. bxc3 Bg7 7. Be3 c5 8.
Qd2 cxd4 9. cxd4 O-O 10. Nf3 Bg4 11. Ng5 Nc6 12. h3 Bd7 13. Nf3 Rc8 14. Rc1 Qa5
15. Bd3 Nb4 16. O-O Qa3 17. Bc4 b5 18. Rc3 Qa5 19. Bb3 Rxc3 20. Qxc3 Rc8 21.
Qd2 Nc6 22. Qd3 a6 23. Rc1 Qd8 24. Ng5 e6 25. d5 Be8 26. Qd2 exd5 27. Bxd5 Ne7
28. Rxc8 Qxc8 29. Bb3 h6 30. Qd6 hxg5 31. Qxe7 Bf8 32. Qxg5 Qc6 33. Bd5 Qd6 34.
Bf4 Qb6 35. Be3 Qd6 36. Bf4 Qb6 37. Be5 Bd7 38. Bf6 Be6 39. Qh4 Bg7 40. Bxg7
Kxg7 41. Qe7 Kg8 42. Qf6 b4 43. Bxe6 Qxe6 44. Qxe6 fxe6 45. Kf1 e5 46. Ke2 1-0

[Event "N�-LL 2009/10"]
[Site "?"]
[Date "2009.10.25"]
[Round "3"]
[White "Bawart, Markus"]
[Black "Schroll, Gerhard"]
[Result "0-1"]
[WhiteElo "2387"]
[BlackElo "2357"]
[Annotator "Wr.Neustadt : Baden"]
[PlyCount "86"]
[SourceDate "2009.10.25"]

1. Nf3 Nf6 2. g3 e6 3. Bg2 d5 4. O-O Be7 5. c4 O-O 6. d4 dxc4 7. Qc2 a6 8. Qxc4
b5 9. Qc2 Bb7 10. Bf4 Nc6 11. Nc3 Nxd4 12. Nxd4 Bxg2 13. Nxe6 fxe6 14. Kxg2 c5
15. Rad1 Qb6 16. f3 Rad8 17. Ne4 Qc6 18. Ng5 h6 19. Nh3 Rxd1 20. Rxd1 Rd8 21.
Rc1 Qd5 22. Bc7 Rd7 23. Nf4 Qd2 24. Bb6 Qxc2 25. Rxc2 c4 26. e4 Kf7 27. b3 cxb3
28. axb3 g5 29. Ne2 g4 30. Bd4 gxf3+ 31. Kxf3 a5 32. Be3 h5 33. Nd4 a4 34. Nxb5
axb3 35. Rc3 b2 36. Rb3 Rd3 37. Rxb2 Ng4 38. Re2 Bc5 39. e5 Nxe3 40. Ke4 Rb3
41. Rf2+ Nf5 42. Nd6+ Bxd6 43. exd6 Kf6 0-1

[Event "N�-LL 2009/10"]
[Site "?"]
[Date "2009.10.25"]
[Round "3"]
[White "Lucaci, Marius"]
[Black "Berbati, Kadri"]
[Result "1-0"]
[WhiteElo "2126"]
[BlackElo "2014"]
[Annotator "Wr.Neustadt : Baden"]
[PlyCount "49"]
[EventDate "2009.10.25"]
[SourceDate "2009.10.25"]

1. e4 e5 2. Nf3 Nc6 3. Bc4 Bc5 4. O-O Nf6 5. d3 h6 6. c3 O-O 7. d4 Bd6 8. Nbd2
Re8 9. dxe5 Bxe5 10. Nxe5 Nxe5 11. Be2 Ng6 12. Qc2 b6 13. f4 Bb7 14. e5 Nd5 15.
Nc4 Qe7 16. Bd3 Nf8 17. b3 a5 18. a4 f6 19. Ba3 Qf7 20. Rae1 Qh5 21. Be4 fxe5
22. fxe5 Rab8 23. Qd3 Ne7 24. Bxb7 Rxb7 25. Bxe7 1-0

[Event "N�-LL 2009/10"]
[Site "?"]
[Date "2009.10.25"]
[Round "3"]
[White "Perndl, Johann"]
[Black "Wiedner, Robert"]
[Result "1/2-1/2"]
[WhiteElo "2036"]
[BlackElo "2177"]
[Annotator "Wr.Neustadt : Baden"]
[PlyCount "28"]
[EventDate "2009.10.25"]
[SourceDate "2009.10.25"]

1. e4 e5 2. d4 exd4 3. Nf3 Qe7 4. Qxd4 d5 5. Nc3 c6 6. Bg5 f6 7. Be3 dxe4 8.
Qxe4 Qxe4 9. Nxe4 f5 10. Ng3 Nf6 11. O-O-O Be7 12. Bc4 Nd5 13. Bxd5 cxd5 14.
Rxd5 O-O 1/2-1/2

[Event "N�-LL 2009/10"]
[Site "?"]
[Date "2009.10.25"]
[Round "3"]
[White "Ganauser, Eduard"]
[Black "Cika, Agron"]
[Result "1-0"]
[WhiteElo "2021"]
[BlackElo "1911"]
[Annotator "Wr.Neustadt : Baden"]
[PlyCount "79"]
[EventDate "2009.10.25"]
[SourceDate "2009.10.25"]

1. c4 Nf6 2. Nc3 c5 3. Nf3 Nc6 4. d4 cxd4 5. Nxd4 g6 6. g3 a6 7. Bg2 Nxd4 8.
Qxd4 Bg7 9. O-O Nh5 10. Qd3 d6 11. Be3 O-O 12. Qd2 Qa5 13. Nd5 Qxd2 14. Nxe7+
Kh8 15. Bxd2 Re8 16. Nxc8 Raxc8 17. Bxb7 Rb8 18. Bxa6 Rxb2 19. Be3 Ra8 20. Bb5
Rbxa2 21. Rxa2 Rxa2 22. Rd1 Bf8 23. c5 dxc5 24. Rd8 Kg7 25. Re8 Nf6 26. Bh6+
Kxh6 27. Rxf8 Kg7 28. Rxf7+ Kxf7 29. Bc4+ Ke7 30. Bxa2 Kd6 31. f3 Ke5 32. e3 g5
33. Kf2 Ne8 34. f4+ gxf4 35. gxf4+ Kf6 36. e4 Ke7 37. e5 Nc7 38. Kf3 Ne8 39.
Ke4 Ng7 40. f5 1-0

[Event "N�-LL 2009/10"]
[Site "?"]
[Date "2009.10.25"]
[Round "3"]
[White "Weiss, Christian"]
[Black "P�tz, Florian"]
[Result "1/2-1/2"]
[WhiteElo "2393"]
[BlackElo "2333"]
[Annotator "Niederabsdorf - P�chlarn"]
[PlyCount "90"]
[EventDate "2009.??.??"]

1. d4 Nf6 2. c4 e6 3. Nf3 Bb4+ 4. Bd2 c5 5. e3 O-O 6. Be2 d6 7. O-O Nc6 8. Bxb4
cxb4 9. Nbd2 e5 10. Qc2 Bg4 11. h3 Bh5 12. Rfc1 Re8 13. d5 Nb8 14. a3 Na6 15.
Qb3 bxa3 16. Rxa3 Nd7 17. Rca1 Ndc5 18. Qc3 Qb6 19. Nb3 Bxf3 20. Bxf3 Nb4 21.
Nxc5 dxc5 22. e4 a6 23. Rf1 Qg6 24. Raa1 h5 25. Rae1 Qg5 26. Re3 Rad8 27. g3
Rd6 28. h4 Qh6 29. Bg2 Rf6 30. Bh3 b6 31. Kh2 a5 32. Bf5 g6 33. Bd7 Re7 34. Bh3
Qg7 35. f4 Rd6 36. Rf2 Qf6 37. f5 g5 38. g4 hxg4 39. Bxg4 Kf8 40. Rg2 gxh4 41.
Rf3 Re8 42. Qd2 Ke7 43. Qf2 Rdd8 44. Rh3 Rh8 45. Bd1 Rh7 1/2-1/2

[Event "N�-LL 2009/10"]
[Site "?"]
[Date "2009.10.25"]
[Round "3"]
[White "Kleiser, Gregor"]
[Black "Knoll, Hermann"]
[Result "1/2-1/2"]
[WhiteElo "2248"]
[BlackElo "2406"]
[Annotator "Niederabsdorf - P�chlarn"]
[PlyCount "80"]
[EventDate "2009.??.??"]

1. d4 Nf6 2. c4 e6 3. Nc3 Bb4 4. Qc2 O-O 5. a3 Bxc3+ 6. Qxc3 b6 7. Bg5 Bb7 8.
f3 h6 9. Bh4 c5 10. e3 d6 11. Rd1 Qe7 12. Bd3 Nbd7 13. Ne2 Rfc8 14. O-O Ba6 15.
d5 exd5 16. cxd5 Bxd3 17. Rxd3 b5 18. e4 a5 19. Qd2 b4 20. axb4 axb4 21. Ng3
Ra2 22. Nf5 Qf8 23. Bg3 Ne5 24. Bxe5 dxe5 25. d6 Kh7 26. d7 Rd8 27. Rd6 Ra7 28.
Nxh6 Raxd7 29. Rxd7 Nxd7 30. Nf5 g6 31. Ne3 Nb6 32. Qf2 Kg8 33. Qh4 Rd2 34. Ng4
Nd7 35. h3 c4 36. Nh6+ Kg7 37. Nf5+ Kg8 38. Ne7+ Kg7 39. Nf5+ Kg8 40. Ne7+ Kg7
1/2-1/2

[Event "N�-LL 2009/10"]
[Site "?"]
[Date "2009.10.25"]
[Round "3"]
[White "Mittermayr, Gerhard"]
[Black "Hansen, Kay"]
[Result "1/2-1/2"]
[WhiteElo "2235"]
[BlackElo "2135"]
[Annotator "Niederabsdorf - P�chlarn"]
[PlyCount "77"]
[EventDate "2009.??.??"]

1. e4 c6 2. d4 d5 3. Nd2 dxe4 4. Nxe4 Bf5 5. Ng3 Bg6 6. h4 h6 7. Nf3 Nd7 8. h5
Bh7 9. Bd3 Bxd3 10. Qxd3 Qc7 11. Bd2 e6 12. Ne4 Ngf6 13. Nxf6+ Nxf6 14. O-O-O
O-O-O 15. Qe2 Bd6 16. Ne5 Rhe8 17. c4 Re7 18. Bc3 c5 19. Kb1 Bxe5 20. dxe5 Ne8
21. Qe3 Red7 22. Rxd7 Rxd7 23. Kc2 Qc6 24. b3 Qxg2 25. Qxc5+ Nc7 26. Re1 Qf3
27. Qxa7 Qxh5 28. Bb4 Qf5+ 29. Kb2 f6 30. Bd6 Qd3 31. Bxc7 Qd2+ 32. Ka3 Rxc7
33. Qa8+ Kd7 34. Rg1 g5 35. exf6 b5 36. cxb5 Qd6+ 37. Kb2 Qd4+ 38. Kb1 Qd3+ 39.
Ka1 1/2-1/2

[Event "N� - LL 2009/10"]
[Site "?"]
[Date "2009.10.25"]
[Round "3"]
[White "Teuber, Andreas"]
[Black "Posch, Roland"]
[Result "0-1"]
[WhiteElo "2154"]
[BlackElo "2074"]
[Annotator "Niederabsdorf - P�chlarn"]
[PlyCount "57"]
[EventDate "2009.??.??"]

1. d4 d6 2. Nf3 Nf6 3. Bg5 Nbd7 4. Nbd2 c6 5. e3 Qc7 6. Bc4 e5 7. Bxf6 gxf6 8.
Nh4 d5 9. Bb3 Nb6 10. Qf3 Be7 11. O-O-O h5 12. Qg3 Be6 13. e4 O-O-O 14. Qe3
exd4 15. Qe2 c5 16. exd5 Nxd5 17. Rhe1 Qxh2 18. Bxd5 Rxd5 19. Ng6 Re8 20. g3
Rf5 21. Nf3 Qh3 22. Nfh4 Rg5 23. Nf4 Qg4 24. Nxe6 Qxe2 25. Rxe2 fxe6 26. Rxe6
Re5 27. Re1 Kd7 28. R1xe5 fxe5 29. Rh6 0-1